OECD predpovedá pokles miery nezamestnanosti
Prehľad vývoja miery nezamestnanosti v členských štátoch OECD za roky 1999 - 2003. OECD predpokladá znižovanie miery nezamestnanosti, predovšetkým v skupine nezamestnaných v produktívnom veku. Súčasný rast pracovných nákladov sa má podľa predpokladov OECD postupne zmierňovať. V USA sa očakáva opačn...
Gespeichert in:
| 1. Verfasser: | |
|---|---|
| Format: | Buchkapitel |
| Sprache: | Slowakisch |
| Schlagworte: | |
| Tags: |
Keine Tags, Fügen Sie das erste Tag hinzu!
|
MARC
| LEADER | 00000naa$a2200000$$$4500 | ||
|---|---|---|---|
| 001 | 0018483 | ||
| 005 | 20231004124246.5 | ||
| 041 | 0 | |a slo | |
| 044 | |a SK | ||
| 245 | 1 | 0 | |a OECD predpovedá pokles miery nezamestnanosti |c Dana Pálková |
| 520 | |a Prehľad vývoja miery nezamestnanosti v členských štátoch OECD za roky 1999 - 2003. OECD predpokladá znižovanie miery nezamestnanosti, predovšetkým v skupine nezamestnaných v produktívnom veku. Súčasný rast pracovných nákladov sa má podľa predpokladov OECD postupne zmierňovať. V USA sa očakáva opačný trend. | ||
| 610 | 2 | 0 | |a náklady priame |
| 610 | 2 | 0 | |a miera nezamestnanosti |
| 610 | 2 | 0 | |a sily pracovné |
| 610 | 2 | 0 | |a eurozóna |
| 610 | 2 | 0 | |a USA |
| 610 | 2 | 0 | |a odbory |
| 610 | 2 | 0 | |a OECD |
| 100 | 1 | |a Pálková, Dana | |